000 00860nam a2200253 i 4500
001 C2-0309927
003 PPAK
005 20180728101123.0
008 110605s my a|||| ||||| | may d
040 _aPPAK
_beng
_cPPAK
_erda
082 0 4 _a338.18595
_223
090 0 0 _a338.18595
_bDAS
_dKK
245 0 0 _aDasar pertanian negara
264 1 _aKuala Lumpur :
_bJabatan Penerangan Malaysia ,
300 _a8 pages :
_billustrations ;
_c20 cm
336 _2rdacontent
_atext
337 _2rdamedia
_aunmediated
338 _2rdacarrier
_avolume
490 1 _asiri ucapan penting
500 _akenyataan akhbar oleh Dato' Musa Hitam Timbalan Perdana Menteri merangkap Pengerusi Jawatankuasa Kabinet mengenai Dasar Pertanian Negara pada 11hb. Januari 1984
650 1 0 _aAgriculture and state - Malaysia
830 0 _asiri ucapan penting
942 _ddc
_cB
999 _c112444
_d112444